Diretrizes Curriculares Nacionais para a Educação Infantil (Record no. 120149)

MARC details
000 -LÍDER
campo de controle de tamanho fixo 00298 a2200109 4500
001 - NÚMERO DE CONTROLE
campo de controle 120149
020 ## - ISBN - INTERNATIONAL STANDARD BOOK NUMBER
ISBN - International Standard Book Number 978-85-7783048-0
040 ## - FONTE DA CATALOGAÇÃO
Instituição que transcreveu o registro Escola Canadense de Niteroi
100 ## - ENTRADA PRINCIPAL--NOME PESSOAL
Nome pessoal Secretaria de Educação Básica
245 10 - TÍTULO
Título Diretrizes Curriculares Nacionais para a Educação Infantil
942 ## - ELEMENTOS DE ENTRADA ADICIONADOS (KOHA)
Tipo de material Koha Livros
Holdings
Situação do descarte Situação das perdas Situação física Não pode ser emprestado Biblioteca de origem Biblioteca atual Data de aquisição Total de empréstimos Código de barras Data de último acesso Data do preço efetivo Tipo de material Koha
        Canadian School of Niterói - Piratininga Canadian School of Niterói - Piratininga 09/02/2024   A05630 09/02/2024 09/02/2024 Livros
        Canadian School of Niterói - Piratininga Canadian School of Niterói - Piratininga 09/02/2024   A05629 09/02/2024 09/02/2024 Livros
        Canadian School of Niterói - Piratininga Canadian School of Niterói - Piratininga 09/02/2024   A05628 09/02/2024 09/02/2024 Livros
        Canadian School of Niterói - Piratininga Canadian School of Niterói - Piratininga 09/02/2024   A05627 09/02/2024 09/02/2024 Livros
        Canadian School of Niterói - Piratininga Canadian School of Niterói - Piratininga 09/02/2024   A05626 09/02/2024 09/02/2024 Livros